LIBRARY & INFORMATION CENTRE, KCAET, TAVANUR

ONLINE PUBLIC ACCESS CATALOGUE (OPAC)

Language through literature: A book of literature for language learning / (Record no. 2394)

MARC details
000 -LEADER
fixed length control field 01030cam a2200181ua 4500
041 ## - LANGUAGE CODE
Language code of text/sound track or separate title eng
082 ## - DEWEY DECIMAL CLASSIFICATION NUMBER
Classification number 823.301
Item number CEN/LA
245 ## - TITLE STATEMENT
Title Language through literature: A book of literature for language learning /
250 ## - EDITION STATEMENT
Edition statement 1 /
260 ## - PUBLICATION, DISTRIBUTION, ETC. (IMPRINT)
Place of publication Delhi :
Name of publisher Oxford University Press ,
Year of publication 1973.
300 ## - PHYSICAL DESCRIPTION
Number of Pages 144 ; .
942 ## - ADDED ENTRY ELEMENTS (KOHA)
Koha item type Books
Holdings
Withdrawn status Lost status Damaged status Home library Current library Date acquired Full call number Accession Number Koha item type
      KAUAET KAUAET 07/04/2012 823.301 13439 Books
      KAUAET KAUAET 13/11/2023 823.301 CEN/LA 13095 Books
Withdrawn     KAUAET Sanskrit University 07/04/2012 823.301 13440 Books
Withdrawn     KAUAET Sanskrit University 07/04/2012 823.301 13438 Books
free website counter